The vision revolution: How the latest research overturns everything we thought we knew about human vision

Na minha lista:
Detalhes bibliográficos
Autor principal: Changizi, Mark
Formato: Livro
Idioma:inglês
Publicado em: Dallas BebBella Books 2009
Assuntos:
Acesso em linha:View in OPAC
Tags: Adicionar Tag
Sem tags, seja o primeiro a adicionar uma tag!

MARC

LEADER 00000nam a2200000 a 4500
005 20260127134256.0
008 121106 2009 000 0 eng d
020 |a 9781933771663 
035 |a vtls010466286 
039 9 |y 201211061014  |z mschk03 
040 |a STUSCHK1  |b slo  |c STUSCHK1  |e AACR2 
080 |a 165.194 
080 |a 611.8+612.8+616.8 
100 1 |a Changizi, Mark 
245 1 |a The vision revolution:  |b How the latest research overturns everything we thought we knew about human vision  |c Mark Changizi 
260 |a Dallas  |b BebBella Books  |c 2009 
300 |a vii, 215 s.  |b il.  |c 23,5 cm 
500 |a Obsahuje register 
650 0 |a kognitívna veda 
650 0 |a neurovedy 
910 |a SCHK95 
919 |a 978-1-933771-66-3 
999 |c 8520  |d 8520